12 Signs of the Zodiac Quiz Stats

 Plays Quiz Updated Jan 15, 2015

Support Sporcle.
Go Orange.
Score 0/12 Timer 02:00
5 Plays Today
Month Sign % Correct
June 22 - July 22Cancer
86.7%
July 23 -August 21Leo
85.8%
May 22 - June 21Gemini
81.2%
April 21 - May 21Taurus
79.3%
Dec 23 - Jan 20Capricorn
78.3%
Jan 21 - Feb 19Aquarius
74.5%
Sept 24 - Oct 23Libra
73.2%
August 22 - Sept 23Virgo
72.5%
Feb 20 - March 20Pisces
72.4%
March 21 - April 20Aries
71.9%
Oct 24 - Nov 22Scorpio
70.4%
Nov 23 - Dec 22Sagittarius
66.3%

You're not logged in!

Compare scores with friends on all Sporcle quizzes.
OR
Log In

From the Vault

Asian Borders

by skSK

These Asian countries are just trying to learn how to share.
Remove Ads.
Support Sporcle.
Get the best of Sporcle when you Go Orange. This ad-free experience offers more features, more stats, and more fun while also helping to support Sporcle. Thank you for becoming a member.

Show Comments

Extras

Top Quizzes Today


Score Distribution

Your Account Isn't Verified!

In order to create a playlist on Sporcle, you need to verify the email address you used during registration. Go to your Sporcle Settings to finish the process.

Report this User

Report this user for behavior that violates our Community Guidelines.

Details: